| 000 | 00606pam a2200181 a 4500 | ||
|---|---|---|---|
| 020 | _a0632040289 (pb) | ||
| 082 | 0 | 0 |
_a624.068 _bBRI _cNUST, P-13 |
| 100 | 1 |
_aFlanagan, Roger. _925831 |
|
| 245 | 1 | 0 |
_aCost control in building design : _ban interacitve learning text / _cRoger Flanagan and Brian Tate. |
| 260 |
_aOxford ; _aMalden, MA : _bBlackwell Science, _c1997. |
||
| 300 |
_a322 p. : _bill. ; _c25 cm. |
||
| 500 | _aIncludes index. | ||
| 526 |
_a0 _b0 _c0 _d624_068000000000000_BRI |
||
| 650 | 0 |
_aBuilding _xCost control. _924737 |
|
| 650 | 0 |
_aNUST _96342 |
|
| 700 | 1 |
_aTate, Brian, _942281 |
|
| 942 |
_2ddc _cBK |
||
| 999 |
_c546197 _d546197 |
||